000 00588nam a2200205Ia 4500
003 GCL
008 140319s9999 xx 000 0 eng d
040 _aGCL /
_cGCL
082 0 4 _a658.049
_bH I
100 1 _aHODGETTS, RICHARD M
245 1 0 _aINTERNATIONAL MANAGEMENT /
_cHODGETTS, RICHARD M
700 1 _aLUTHANS, FRED
260 _a[S.N] :
_bMEGRAW-HILL, JNC. ،
_c1994
300 _a544 P
490 _aMCGTAW- HILL SERIES IN MATERIALS SVENCE AND PNGINN
_v0
650 0 4 _aCASE STUDIES
650 0 4 _aMANAGEMENT
650 0 4 _aINTERNATIONAL BUSINESS ENTERPRISE
942 _2ddc
_cBK
999 _c24184
_d24184